[Event "XXIV Weekend A"]
[Site "Ceriano Laghetto ITA"]
[Date "2015.03.07"]
[Round "2"]
[White "Salvador, Roland"]
[Black "Vezzosi, Paolo"]
[WhiteElo "2440"]
[BlackElo "2330"]
[Result "0-1"]
[PlyCount "96"]
[EventDate "2015.03.06"]

1. d4 Nf6 2. c4 c6 3. Nf3 d5 4. e3 e6 5. Nc3 Nbd7 6. Qc2 Bd6 7. b3 O-O 8. Bb2
Qe7 9. Be2 b6 10. O-O Bb7 11. Rad1 Rfd8 12. Rfe1 Rac8 13. e4 dxe4 14. Nxe4 Bb4
15. Nc3 Nf8 16. Bf1 Ng6 17. g3 Qf8 18. Ng5 c5 19. a3 Bxc3 20. Bxc3 cxd4 21. Bb4
Qe8 22. Bh3 Qc6 23. f3 Rc7 24. a4 e5 25. Bf5 Nd5 26. Bd2 Qc5 27. Kg2 Nde7 28.
Bd3 a5 29. h4 h6 30. h5 hxg5 31. hxg6 Rf8 32. gxf7+ Rxf7 33. Be4 g4 34. fxg4
Bxe4+ 35. Rxe4 Ng6 36. Bg5 Rc8 37. Rde1 Rcf8 38. R1e2 Rf1 39. Qd3 Qc6 40. Bd2
Rd1 41. Kh3 Rh1+ 42. Kg2 Rff1 43. Bg5 Qa8 44. c5 Qf8 45. Bf4 Rfg1+ 46. Kf3 exf4
47. Qc4+ Kh7 48. Re8 Rf1+ 0-1

[Event "XXIV Weekend A"]
[Site "Ceriano Laghetto ITA"]
[Date "2015.03.07"]
[Round "2"]
[White "Sbarra, Marco"]
[Black "Villa, Giorgio"]
[WhiteElo "2169"]
[BlackElo "2027"]
[Result "1/2-1/2"]
[PlyCount "53"]
[EventDate "2015.03.06"]

1. e4 c6 2. c4 d5 3. exd5 cxd5 4. d4 Nf6 5. Nc3 g6 6. Qb3 Bg7 7. cxd5 O-O 8.
Be2 Na6 9. Bf3 b5 10. Nxb5 Rb8 11. a4 Nc7 12. Bf4 a6 13. Bxc7 Qxc7 14. Nxc7
Rxb3 15. Ne2 Bb7 16. O-O Rc8 17. Rac1 Bh6 18. Rc5 Rxb2 19. g3 Bd2 20. Nf4 Nd7
21. Rc4 Nb6 22. Rc5 Nxa4 23. Rc4 Nb6 24. Rc5 Nd7 25. Rc4 Nb6 26. Rc5 Nd7 27.
Rc4 1/2-1/2

[Event "XXIV Weekend A"]
[Site "Ceriano Laghetto ITA"]
[Date "2015.03.07"]
[Round "2"]
[White "Tomba, Ivan"]
[Black "Moroni, Luca jr"]
[WhiteElo "2251"]
[BlackElo "2415"]
[Result "0-1"]
[PlyCount "66"]
[EventDate "2015.03.06"]

1. c4 e6 2. g3 d5 3. Bg2 Nf6 4. Nf3 Be7 5. O-O O-O 6. b3 c5 7. Bb2 d4 8. b4 Re8
9. bxc5 Bxc5 10. e3 Nc6 11. exd4 Nxd4 12. Nc3 Rb8 13. Nb5 Nxf3+ 14. Bxf3 a6 15.
Be5 axb5 16. Bxb8 e5 17. Re1 Nd7 18. d4 Bxd4 19. Bd6 Bxa1 20. Qxa1 Qf6 21. Qd1
bxc4 22. Re3 Nf8 23. Qa4 Bd7 24. Qb4 b5 25. Bd5 Ng6 26. Rf3 Bf5 27. Qxb5 Rc8
28. Bxc4 h5 29. Bb4 Qg5 30. Bxf7+ Kxf7 31. Qd7+ Kg8 32. Rxf5 Rc1+ 33. Kg2 Nh4+
0-1

[Event "XXIV Weekend A"]
[Site "Ceriano Laghetto ITA"]
[Date "2015.03.07"]
[Round "3"]
[White "Lapiccirella, Daniele"]
[Black "Salvador, Roland"]
[WhiteElo "2228"]
[BlackElo "2440"]
[Result "0-1"]
[PlyCount "66"]
[EventDate "2015.03.06"]

1. d4 Nf6 2. c4 e5 3. dxe5 Ng4 4. Bf4 g5 5. Bg3 Bg7 6. Nf3 Nc6 7. h4 Ngxe5 8.
Nxe5 Nxe5 9. e3 g4 10. Nc3 d6 11. Qb3 Be6 12. Nd5 c6 13. Nf4 Qa5+ 14. Kd1 Bf5
15. Nh5 O-O 16. Nxg7 Kxg7 17. Qc3 Qxc3 18. bxc3 Rfd8 19. Be2 Rd7 20. f3 gxf3
21. gxf3 Bd3 22. Bxd3 Nxd3 23. Ke2 Nb2 24. Rhg1 Kf6 25. Bf4 Nxc4 26. Rg5 Re8
27. Rh5 Nxe3 28. Bxe3 Rde7 29. Rh6+ Kg7 30. Rg1+ Kf8 31. Rxh7 Rxe3+ 32. Kf2
Re2+ 33. Kg3 R8e6 0-1

[Event "XXIV Weekend A"]
[Site "Ceriano Laghetto ITA"]
[Date "2015.03.07"]
[Round "3"]
[White "Lapiccirella, Mattia"]
[Black "Ranfagni, Stefano"]
[WhiteElo "2201"]
[BlackElo "1986"]
[Result "1-0"]
[PlyCount "73"]
[EventDate "2015.03.06"]

1. d4 e6 2. c4 f5 3. g3 Nf6 4. Bg2 c6 5. Nh3 Be7 6. O-O O-O 7. Nd2 d5 8. Qc2
Qe8 9. Nf3 Ne4 10. Ne5 Nd7 11. Nd3 b6 12. cxd5 cxd5 13. Qc6 Ba6 14. Qxe6+ Kh8
15. Qxd5 Rd8 16. Qb3 Ndf6 17. e3 Nc5 18. Nxc5 Bxf1 19. Ne6 Bxg2 20. Kxg2 Qc6+
21. Kg1 Ne4 22. Nxf8 Rxf8 23. f3 Qh6 24. Kg2 Ng5 25. Nxg5 Qxg5 26. Bd2 Re8 27.
Re1 Qg6 28. Qd3 h5 29. d5 h4 30. g4 Qh6 31. Qxf5 h3+ 32. Kf1 Kg8 33. f4 Bh4 34.
Rc1 b5 35. Rc8 Bd8 36. Qd7 Qg6 37. Rxd8 1-0

[Event "XXIV Weekend A"]
[Site "Ceriano Laghetto ITA"]
[Date "2015.03.07"]
[Round "3"]
[White "Moroni, Luca jr"]
[Black "Mrdja, Milan"]
[WhiteElo "2415"]
[BlackElo "2366"]
[Result "1/2-1/2"]
[PlyCount "99"]
[EventDate "2015.03.06"]

1. Nf3 d5 2. c4 d4 3. b4 Bg4 4. Qb3 c6 5. g3 Bxf3 6. Qxf3 e5 7. Qb3 a5 8. b5 a4
9. Qb2 Nd7 10. bxc6 bxc6 11. Bg2 Qc7 12. O-O Ngf6 13. Qc2 Bc5 14. Ba3 O-O 15.
d3 Bxa3 16. Nxa3 Nc5 17. Rab1 Rfe8 18. Qd2 Rad8 19. Qb4 Nfd7 20. Nc2 g6 21.
Rfd1 h5 22. h4 Kh7 23. Ne1 Rb8 24. Qd2 Rb6 25. Nf3 Reb8 26. Qe1 Kg7 27. Rxb6
Rxb6 28. Qa5 Qb8 29. Kh2 Rb2 30. Rd2 Rb6 31. Rc2 Ra6 32. Qd2 Nf6 33. Rb2 Qc7
34. Bh3 a3 35. Rb1 Ra7 36. Qg5 Nh7 37. Qxe5+ Qxe5 38. Nxe5 Re7 39. f4 f6 40.
Nxc6 Rxe2+ 41. Bg2 f5 42. Kg1 Rxa2 43. Rb5 Ra1+ 44. Kh2 a2 45. Rxc5 Rh1+ 46.
Bxh1 a1=Q 47. Ne5 Nf6 48. Rc7+ Kg8 49. Rc8+ Kg7 50. Rc7+ 1/2-1/2

[Event "XXIV Weekend A"]
[Site "Ceriano Laghetto ITA"]
[Date "2015.03.07"]
[Round "3"]
[White "Ventura, Salvatore"]
[Black "Sbarra, Marco"]
[WhiteElo "2089"]
[BlackElo "2169"]
[Result "1/2-1/2"]
[PlyCount "152"]
[EventDate "2015.03.06"]

1. c4 e6 2. g3 d5 3. Bg2 Nf6 4. Nf3 c5 5. O-O Nc6 6. cxd5 exd5 7. d4 Be7 8. Nc3
O-O 9. dxc5 Bxc5 10. Na4 Be7 11. Be3 Bg4 12. Rc1 Re8 13. Qb3 Qd7 14. Bc5 Bd8
15. Nc3 Ba5 16. e3 Rad8 17. Nd4 Ne5 18. Qb5 Qxb5 19. Ncxb5 Nd3 20. Rc2 Nxc5 21.
Rxc5 Bb6 22. Rc2 h6 23. h3 Bh5 24. g4 Bg6 25. Rd2 Ne4 26. Rdd1 a6 27. Bxe4 dxe4
28. Nc3 h5 29. Nde2 hxg4 30. hxg4 Bh7 31. Nd5 Bc5 32. Nec3 Bd6 33. Rd2 Bb8 34.
Rfd1 Kf8 35. Nb6 Rxd2 36. Rxd2 Bc7 37. Nd7+ Ke7 38. Nc5 Be5 39. Rd7+ Kf8 40.
Rxb7 Kg8 41. Nxa6 f5 42. gxf5 Bxf5 43. Nd5 Bg4 44. Re7 Rxe7 45. Nxe7+ Kf7 46.
Nc6 Bxb2 47. Nc5 Bf5 48. Nd4 Bh7 49. a4 Ba3 50. Ncb3 Ke7 51. Kg2 Bg8 52. Kg3
Bd5 53. Kf4 Kf6 54. a5 Bd6+ 55. Kg4 Bh2 56. Kh3 Bc7 57. a6 Bb6 58. Nd2 Ba5 59.
Nf1 Bb6 60. Nd2 Ba5 61. Nb1 Ke5 62. Na3 Bb6 63. Nab5 Bc5 64. Kg4 Bb6 65. Kg5
Ba5 66. Kg4 Bd8 67. a7 Bb6 68. Kg5 Bd8+ 69. Kg6 Bh4 70. Nc3 Bb7 71. Nd1 Kd5 72.
Kxg7 Kc4 73. Kg6 Kd3 74. Nb2+ Kc3 75. Na4+ Kb4 76. Nb6 Bxf2 1/2-1/2

[Event "XXIV Weekend A"]
[Site "Ceriano Laghetto ITA"]
[Date "2015.03.07"]
[Round "3"]
[White "Vezzosi, Paolo"]
[Black "Tomba, Ivan"]
[WhiteElo "2330"]
[BlackElo "2251"]
[Result "1/2-1/2"]
[PlyCount "101"]
[EventDate "2015.03.06"]

1. d4 d5 2. Nf3 c6 3. c4 Nf6 4. e3 Bg4 5. Qb3 Qb6 6. Ne5 Nbd7 7. Nxg4 Nxg4 8.
cxd5 Qxb3 9. axb3 cxd5 10. Nc3 e6 11. f3 Ngf6 12. Nb5 Rc8 13. Nxa7 Ra8 14. Bd2
Bd6 15. Ra4 Nb6 16. Ra5 Kd7 17. Bb5+ Ke7 18. O-O Ne8 19. Rc1 Nc7 20. Bf1 h5 21.
Nb5 Nxb5 22. Rxb5 Nd7 23. e4 dxe4 24. fxe4 e5 25. dxe5 Bxe5 26. Bb4+ Kf6 27.
Bc4 Bd4+ 28. Kh1 Ne5 29. Rxb7 Kg6 30. Bd6 f6 31. h3 Bxb2 32. Rb1 Bd4 33. Be6
Ra2 34. Rd1 Bc3 35. Rc7 Ra1 36. Rxa1 Bxa1 37. Rc8 Rxc8 38. Bxc8 Kg5 39. b4 Nf7
40. Bf8 g6 41. Be6 Ne5 42. Bd6 Nd3 43. Kg1 Bd4+ 44. Kf1 h4 45. Bc4 Ne5 46. Bd5
Kf4 47. Bc7 Ke3 48. b5 Nd7 49. Ke1 g5 50. Ba5 Nb6 51. Bxb6 1/2-1/2

[Event "XXIV Weekend A"]
[Site "Ceriano Laghetto ITA"]
[Date "2015.03.07"]
[Round "3"]
[White "Villa, Giorgio"]
[Black "Petrone, Gianmario"]
[WhiteElo "2027"]
[BlackElo "2057"]
[Result "1/2-1/2"]
[PlyCount "66"]
[EventDate "2015.03.06"]

1. Nf3 c5 2. c4 Nc6 3. d4 cxd4 4. Nxd4 Nf6 5. Nc3 g6 6. Nc2 Bg7 7. g3 O-O 8.
Bg2 d6 9. O-O Be6 10. b3 d5 11. cxd5 Nxd5 12. Nxd5 Bxa1 13. Nxa1 Bxd5 14. Bxd5
Nb4 15. Bxb7 Rb8 16. Bf3 Qxd1 17. Rxd1 Rfd8 18. Rxd8+ Rxd8 19. Ba3 Nxa2 20. Nc2
Rd2 21. Ne3 e6 22. Nc4 Rd1+ 23. Kg2 Rb1 24. Na5 Nc1 25. Bxc1 Rxc1 26. Nc6 Ra1
27. b4 Kf8 28. b5 Ke8 29. Ne5 f6 30. Nc4 Kd7 31. Bb7 Kc7 32. Ba6 Ra4 33. Ne3
Kd6 1/2-1/2

[Event "XXIV Weekend A"]
[Site "Ceriano Laghetto ITA"]
[Date "2015.03.08"]
[Round "4"]
[White "Mrdja, Milan"]
[Black "Vezzosi, Paolo"]
[WhiteElo "2366"]
[BlackElo "2330"]
[Result "1-0"]
[PlyCount "157"]
[EventDate "2015.03.06"]

1. e4 e6 2. d4 d5 3. Nc3 Bb4 4. e5 b6 5. Qg4 Bf8 6. Bg5 Qd7 7. O-O-O Ba6 8.
Nge2 Nc6 9. f4 f6 10. exf6 gxf6 11. Bh4 O-O-O 12. Qf3 Nce7 13. g4 Ng6 14. Bf2
f5 15. gxf5 exf5 16. Bh3 Nf6 17. Ng3 Nh4 18. Qe3 Re8 19. Qd2 Bh6 20. Rde1 Ng4
21. Nxf5 Qxf5 22. Rhg1 Bxf4 23. Bxg4 Bxd2+ 24. Kxd2 Nf3+ 25. Kd1 Rxe1+ 26. Bxe1
Nxg1 27. Bxf5+ Kb8 28. Bg3 Rf8 29. Bxh7 Rf1+ 30. Kd2 Rf7 31. Bg8 Rg7 32. Bxd5
Bb7 33. Ke3 Nh3 34. Bb3 Bc6 35. d5 Bd7 36. a4 a6 37. Kd4 Ng5 38. Bc4 Kb7 39.
Bd3 Rf7 40. b3 Bf5 41. h4 Bxd3 42. cxd3 Nh7 43. Ne4 Rf5 44. d6 c5+ 45. Ke3 Kc6
46. Bf4 b5 47. axb5+ axb5 48. Kf3 Rd5 49. Ke3 Rf5 50. Bg5 Nf8 51. Ke2 Ne6 52.
Be7 Nd4+ 53. Ke1 Nf3+ 54. Kd1 Ne5 55. Nxc5 Nd7 56. Ne6 Rf2 57. Ke1 Rh2 58. Kf1
Ne5 59. d4 Nf3 60. d5+ Kd7 61. Nc5+ Ke8 62. Bf6 Nd2+ 63. Ke1 Nf3+ 64. Kd1 Rd2+
65. Kc1 Rxd5 66. d7+ Rxd7 67. Nxd7 Kxd7 68. h5 Ke6 69. Bc3 Kf5 70. h6 Kg6 71.
Bg7 Ng5 72. Kc2 Ne4 73. Kd3 Nc5+ 74. Kc3 Ne4+ 75. Kb4 Nd2 76. Kc3 Ne4+ 77. Kd4
Nd2 78. b4 Nb1 79. Kc5 1-0

[Event "XXIV Weekend A"]
[Site "Ceriano Laghetto ITA"]
[Date "2015.03.08"]
[Round "4"]
[White "Petrone, Gianmario"]
[Black "Ventura, Salvatore"]
[WhiteElo "2057"]
[BlackElo "2089"]
[Result "1-0"]
[PlyCount "43"]
[EventDate "2015.03.06"]

1. e4 e6 2. d4 d5 3. Bd3 c5 4. c3 Nc6 5. exd5 Qxd5 6. Nf3 Bd7 7. Be3 Nf6 8. O-O
c4 9. Be2 b5 10. a4 bxa4 11. Rxa4 Na5 12. Ne5 Qb5 13. Nxd7 Nxd7 14. b4 Nb7 15.
Na3 Qc6 16. Nxc4 Nf6 17. Ne5 Qxc3 18. Bb5+ Ke7 19. Nc6+ Kd6 20. Qf3 Qc2 21.
Bf4+ Kd7 22. Nxa7+ 1-0

[Event "XXIV Weekend A"]
[Site "Ceriano Laghetto ITA"]
[Date "2015.03.08"]
[Round "4"]
[White "Ranfagni, Stefano"]
[Black "Villa, Giorgio"]
[WhiteElo "1986"]
[BlackElo "2027"]
[Result "1/2-1/2"]
[PlyCount "69"]
[EventDate "2015.03.06"]

1. c4 e5 2. Nc3 Nf6 3. g3 g6 4. Bg2 Bg7 5. d3 O-O 6. e4 d6 7. Nge2 c6 8. O-O
Be6 9. h3 d5 10. b3 dxe4 11. dxe4 Na6 12. Ba3 Re8 13. Qxd8 Raxd8 14. Rad1 Bf8
15. Bb2 Nc5 16. Nc1 a5 17. Rfe1 Bc8 18. a3 Ne6 19. N3e2 Nd7 20. Nd3 Bg7 21. b4
axb4 22. axb4 Nd4 23. Nxd4 exd4 24. f4 Nb6 25. c5 Nc4 26. Bc1 Ne3 27. Bxe3 dxe3
28. e5 Bf5 29. Rxe3 f6 30. g4 Bxd3 31. Rexd3 Rxd3 32. Rxd3 fxe5 33. fxe5 Bxe5
34. Rd7 Rb8 35. Re7 1/2-1/2

[Event "XXIV Weekend A"]
[Site "Ceriano Laghetto ITA"]
[Date "2015.03.08"]
[Round "4"]
[White "Salvador, Roland"]
[Black "Moroni, Luca jr"]
[WhiteElo "2440"]
[BlackElo "2415"]
[Result "0-1"]
[PlyCount "186"]
[EventDate "2015.03.06"]

1. Nf3 d5 2. b3 Nf6 3. Bb2 e6 4. g3 c5 5. Bg2 Nc6 6. O-O Be7 7. d3 O-O 8. Nbd2
Qc7 9. e3 e5 10. Qe2 Bd6 11. e4 d4 12. Nc4 Ne8 13. Nxd6 Nxd6 14. Nh4 b5 15. f4
f6 16. c3 Bd7 17. cxd4 Nxd4 18. Qd2 Rac8 19. Rac1 Qb6 20. fxe5 c4 21. Kh1 fxe5
22. Rxf8+ Kxf8 23. Qg5 Nf7 24. Rf1 Kg8 25. Qh5 g6 26. Bxd4 exd4 27. Qf3 Ne5 28.
Qf4 Qe6 29. dxc4 bxc4 30. bxc4 Nxc4 31. Nf3 d3 32. Ng5 Qe7 33. e5 Be6 34. Nxe6
Qxe6 35. Qd4 Qxe5 36. Qd7 Qc7 37. Qe6+ Kh8 38. Rf7 Qd8 39. Re7 Qf8 40. Qd7 Nb6
41. Qd4+ Kg8 42. Bd5+ Nxd5 43. Qxd5+ Kh8 44. Qe5+ Kg8 45. Qe6+ Kh8 46. Rf7 Rc1+
47. Kg2 Rc2+ 48. Kf3 Qa8+ 49. Kg4 Qc8 50. Rd7 Qc4+ 51. Qxc4 Rxc4+ 52. Kg5 Rc5+
53. Kf6 Rf5+ 54. Ke6 Ra5 55. Kf6 Rf5+ 56. Ke6 Rf2 57. g4 Rxa2 58. g5 Re2+ 59.
Kf6 Rf2+ 60. Ke6 Re2+ 61. Kf7 Rf2+ 62. Ke6 a5 63. Rxd3 Re2+ 64. Kf7 Rf2+ 65.
Ke6 Rf8 66. Rd4 Ra8 67. Ra4 Kg7 68. Ke7 Ra7+ 69. Ke6 Kf8 70. Kd6 Kf7 71. Rf4+
Ke8 72. Ra4 Ra6+ 73. Kc5 Kd7 74. Kb5 Ra8 75. Kb6 Ke6 76. Kb7 Rd8 77. h4 Kf5 78.
Rxa5+ Kg4 79. Ra4+ Kh5 80. Kc6 Rd1 81. Kc5 Rd2 82. Rf4 Rh2 83. Rf7 Rxh4 84.
Rxh7+ Kxg5 85. Rg7 Re4 86. Kd5 Re1 87. Kd4 Kh5 88. Kd3 g5 89. Kd2 Re8 90. Rh7+
Kg4 91. Rh1 Kf3 92. Rf1+ Kg2 93. Rf5 g4 0-1

[Event "XXIV Weekend A"]
[Site "Ceriano Laghetto ITA"]
[Date "2015.03.08"]
[Round "4"]
[White "Sbarra, Marco"]
[Black "Lapiccirella, Daniele"]
[WhiteElo "2169"]
[BlackElo "2228"]
[Result "1/2-1/2"]
[PlyCount "45"]
[EventDate "2015.03.06"]

1. d4 d5 2. c4 c6 3. e3 Nf6 4. Nf3 e6 5. Nbd2 Nbd7 6. Bd3 Bd6 7. O-O O-O 8. e4
e5 9. cxd5 cxd5 10. exd5 exd4 11. Ne4 Nxe4 12. Bxe4 Nf6 13. Bg5 Be7 14. Bc2
Nxd5 15. Bxe7 Qxe7 16. Qxd4 Be6 17. Rfe1 Qf6 18. Qe4 g6 19. Qd4 Rfd8 20. Bb3
Kg7 21. Rac1 Nf4 22. Qxf6+ Kxf6 23. Bxe6 1/2-1/2

[Event "XXIV Weekend A"]
[Site "Ceriano Laghetto ITA"]
[Date "2015.03.08"]
[Round "4"]
[White "Tomba, Ivan"]
[Black "Lapiccirella, Mattia"]
[WhiteElo "2251"]
[BlackElo "2201"]
[Result "1-0"]
[PlyCount "103"]
[EventDate "2015.03.06"]

1. e4 e6 2. Nf3 d5 3. Nc3 Nf6 4. e5 Nfd7 5. d4 c5 6. dxc5 Bxc5 7. Bd3 Nc6 8.
Qe2 a6 9. Bf4 Nb6 10. Ng5 g6 11. Nf3 h6 12. h4 Qe7 13. O-O-O Bd7 14. Kb1 Rc8
15. Qe1 Nd4 16. Nh2 Na4 17. Nxa4 Bxa4 18. Ng4 Bb4 19. c3 Bxd1 20. Qxd1 Bxc3 21.
bxc3 Rxc3 22. Qa4+ Nc6 23. Nf6+ Kf8 24. Rh3 b5 25. Bxb5 Rxh3 26. Bxc6 Rh1+ 27.
Kb2 Kg7 28. Ne8+ Kh7 29. g3 Re1 30. Be3 Rxe8 31. Bxe8 Qc7 32. Qb4 Qxe5+ 33. Ka3
Rd1 34. Bxf7 Rd3+ 35. Ka4 Qc7 36. Be8 a5 37. Qc5 Qxc5 38. Bxc5 Rd2 39. a3 e5
40. Kxa5 d4 41. Kb4 Rxf2 42. a4 Rc2 43. a5 d3 44. Ba4 Ra2 45. Bb3 d2 46. Kc3
Rxa5 47. Be3 h5 48. Kxd2 Kg7 49. Bc2 Ra3 50. Ke2 Rc3 51. Be4 Ra3 52. Kf3 1-0

[Event "XXIV Weekend A"]
[Site "Ceriano Laghetto ITA"]
[Date "2015.03.08"]
[Round "5"]
[White "Moroni, Luca jr"]
[Black "Vezzosi, Paolo"]
[WhiteElo "2415"]
[BlackElo "2330"]
[Result "0-1"]
[PlyCount "52"]
[EventDate "2015.03.06"]

1. c4 e5 2. Nc3 Nf6 3. Nf3 Nc6 4. a3 g6 5. g3 Bg7 6. Bg2 O-O 7. O-O d6 8. d3 h6
9. Rb1 Be6 10. Nd2 Qd7 11. Nd5 Nh7 12. b4 Nd8 13. b5 c6 14. bxc6 bxc6 15. Nb4
Bh3 16. Qa4 Bxg2 17. Kxg2 f5 18. Bb2 Rf7 19. Bc3 a5 20. Nc2 Ng5 21. Na1 f4 22.
Nf3 Qh3+ 23. Kg1 e4 24. dxe4 Bxc3 25. Qb3 Nxf3+ 26. exf3 Bd4 0-1

[Event "XXIV Weekend A"]
[Site "Ceriano Laghetto ITA"]
[Date "2015.03.08"]
[Round "5"]
[White "Petrone, Gianmario"]
[Black "Salvador, Roland"]
[WhiteElo "2057"]
[BlackElo "2440"]
[Result "0-1"]
[PlyCount "68"]
[EventDate "2015.03.06"]

1. e4 c6 2. d4 g6 3. Nf3 Bg7 4. Nc3 d5 5. Be3 dxe4 6. Nxe4 Nf6 7. Nxf6+ exf6 8.
Bc4 O-O 9. O-O Nd7 10. h3 Nb6 11. Bb3 a5 12. a4 Nd5 13. Bd2 Be6 14. Re1 Qd7 15.
Rc1 Rfd8 16. c4 Nc7 17. Bc3 h5 18. Qd2 Kh7 19. Rcd1 b6 20. Qf4 Qd6 21. Qh4 Qf8
22. d5 cxd5 23. Bxf6 Rd7 24. Ng5+ Kg8 25. Bxg7 Qxg7 26. Nxe6 Nxe6 27. Rxd5 Rxd5
28. cxd5 Nc5 29. d6 Nxb3 30. d7 Qf8 31. Qe4 Rd8 32. Qe8 Kg7 33. Qe5+ Kh7 34.
Qe8 Nc5 0-1

[Event "XXIV Weekend A"]
[Site "Ceriano Laghetto ITA"]
[Date "2015.03.08"]
[Round "5"]
[White "Sbarra, Marco"]
[Black "Ranfagni, Stefano"]
[WhiteElo "2169"]
[BlackElo "1986"]
[Result "1-0"]
[PlyCount "83"]
[EventDate "2015.03.06"]

1. e4 e5 2. d4 exd4 3. Nf3 Nc6 4. c3 d5 5. exd5 Qxd5 6. cxd4 Bg4 7. Be2 O-O-O
8. Nc3 Qa5 9. Be3 Nf6 10. O-O Bd6 11. Rc1 Kb8 12. a3 h5 13. b4 Qf5 14. Qa4 Ne7
15. d5 Nc8 16. Nb5 a6 17. Nxd6 Rxd6 18. Nd4 Qxd5 19. Qc2 Rd7 20. Bc4 Qd6 21. b5
a5 22. Qa4 b6 23. Nc6+ Kb7 24. f3 Be6 25. Rfd1 Qxd1+ 26. Rxd1 Rxd1+ 27. Qxd1
Bxc4 28. a4 Re8 29. Bf4 Be6 30. Nd8+ Kb8 31. Nc6+ Kb7 32. Be5 Ne7 33. f4 Bg4
34. Qc2 Ned5 35. h3 Bd7 36. Nd4 Rc8 37. Qf2 g6 38. Qf3 Ka7 39. g3 c5 40. bxc6
Bxh3 41. Nb5+ Ka8 42. Bxf6 1-0

[Event "XXIV Weekend A"]
[Site "Ceriano Laghetto ITA"]
[Date "2015.03.08"]
[Round "5"]
[White "Tomba, Ivan"]
[Black "Mrdja, Milan"]
[WhiteElo "2251"]
[BlackElo "2366"]
[Result "1/2-1/2"]
[PlyCount "44"]
[EventDate "2015.03.06"]

1. c4 g6 2. g3 Bg7 3. Bg2 c5 4. Nc3 Nc6 5. Nf3 d6 6. O-O Bd7 7. a3 Rc8 8. b4
Nh6 9. Rb1 b6 10. Nd5 e6 11. Nf4 O-O 12. e3 Nf5 13. d3 Qc7 14. b5 Ne5 15. Ng5
Rcd8 16. h4 Bc8 17. Bb2 h6 18. Ngh3 Bb7 19. e4 Nd4 20. f3 Rfe8 21. Ne2 d5 22.
Nxd4 cxd4 1/2-1/2

[Event "XXIV Weekend A"]
[Site "Ceriano Laghetto ITA"]
[Date "2015.03.08"]
[Round "5"]
[White "Ventura, Salvatore"]
[Black "Villa, Giorgio"]
[WhiteElo "2089"]
[BlackElo "2027"]
[Result "1/2-1/2"]
[PlyCount "109"]
[EventDate "2015.03.06"]

1. c4 c6 2. g3 d5 3. Nf3 Nf6 4. Bg2 Bf5 5. cxd5 cxd5 6. Qb3 Qb6 7. Nc3 Qxb3 8.
axb3 Nc6 9. Nh4 Be4 10. Nxe4 Nxe4 11. d3 Nf6 12. Bg5 e6 13. Bxf6 gxf6 14. e3
Bd6 15. O-O Ke7 16. e4 dxe4 17. Bxe4 Be5 18. Bxc6 bxc6 19. Ra6 Rhb8 20. Rfa1
Rxb3 21. Rxa7+ Rxa7 22. Rxa7+ Kf8 23. Ra8+ Kg7 24. Rd8 Rxb2 25. Nf3 Bc7 26. Rd7
Bb6 27. Nd4 Bxd4 28. Rxd4 Rd2 29. Rg4+ Kf8 30. Rc4 Rxd3 31. Rxc6 Rd4 32. Kg2
Kg7 33. Rc8 f5 34. Re8 Ra4 35. Re7 h5 36. Rb7 h4 37. Rb8 hxg3 38. hxg3 f4 39.
gxf4 Rxf4 40. Kg3 Ra4 41. Rb5 f5 42. f4 Ra3+ 43. Kf2 Kg6 44. Rb6 Kh5 45. Rxe6
Kg4 46. Re3 Ra4 47. Rg3+ Kxf4 48. Rb3 Ra2+ 49. Kf1 Kg4 50. Rc3 f4 51. Rb3 Ra4
52. Kf2 f3 53. Rb8 Ra2+ 54. Kf1 Kg3 55. Rg8+ 1/2-1/2

[Event "XXIV Weekend B"]
[Site "Ceriano Laghetto"]
[Date "2015.03.06"]
[Round "1"]
[White "Bernasconi, Roberto"]
[Black "Mazzoccoli, Simone"]
[WhiteElo "1891"]
[BlackElo "1733"]
[Result "1/2-1/2"]
[PlyCount "64"]
[EventDate "2015.03.06"]

1. e4 c5 2. Nf3 Nc6 3. Bb5 g6 4. O-O Bg7 5. c3 Nf6 6. Re1 O-O 7. d4 d5 8. exd5
Qxd5 9. dxc5 Qxc5 10. Qe2 e6 11. Be3 Qe7 12. Na3 Nd5 13. Nc2 Nxe3 14. Qxe3 Rd8
15. Rad1 Bd7 16. h3 a6 17. Bxc6 Bxc6 18. Nb4 Bxf3 19. Qxf3 Qc7 20. g3 Rac8 21.
Rxd8+ Rxd8 22. Rd1 Rxd1+ 23. Qxd1 a5 24. Nc2 Qb6 25. Qc1 Kf8 26. Ne1 Qb5 27.
Qd2 Ke7 28. Nf3 Qd5 29. Qxd5 exd5 30. Kf1 h6 31. Ke2 Kd6 32. Kd3 Kc5 1/2-1/2

[Event "XXIV Weekend B"]
[Site "Ceriano Laghetto"]
[Date "2015.03.06"]
[Round "1"]
[White "Canali, Marco"]
[Black "Ranieri, Matteo"]
[WhiteElo "1819"]
[BlackElo "1688"]
[Result "1-0"]
[PlyCount "51"]
[EventDate "2015.03.06"]

1. e4 e6 2. d4 d5 3. Nd2 Nf6 4. e5 Nfd7 5. Bd3 c5 6. c3 Nc6 7. Ngf3 g6 8. h4 h5
9. Rh3 cxd4 10. cxd4 Be7 11. a3 Qb6 12. Nb3 a5 13. a4 Ndb8 14. Bg5 Bb4+ 15. Kf1
Ne7 16. Bf6 Rg8 17. Ng5 Nbc6 18. Nh7 Nf5 19. Bxf5 exf5 20. Bg5 Be7 21. Bxe7
Kxe7 22. Qd2 Rh8 23. Qg5+ Ke8 24. Nf6+ Kf8 25. Nxd5 Qa6+ 26. Kg1 1-0

[Event "XXIV Weekend B"]
[Site "Ceriano Laghetto"]
[Date "2015.03.06"]
[Round "1"]
[White "Cervini, Gian Piero"]
[Black "Manco, David Jonatan"]
[WhiteElo "1743"]
[BlackElo "1897"]
[Result "1/2-1/2"]
[PlyCount "93"]
[EventDate "2015.03.06"]

1. e4 e5 2. Nf3 Nc6 3. d4 exd4 4. Bc4 Bc5 5. c3 d6 6. cxd4 Bb6 7. Nc3 Bg4 8.
Be3 Nf6 9. h3 Bh5 10. g4 Bg6 11. Qe2 O-O 12. e5 dxe5 13. dxe5 Bxe3 14. Qxe3 Re8
15. O-O Qe7 16. exf6 Qxf6 17. Nd5 Qd6 18. Qc3 Be4 19. Rad1 Qc5 20. Nxc7 Bxf3
21. Bxf7+ Kxf7 22. Qxc5 Bxd1 23. Rxd1 Rad8 24. Qc4+ Kf8 25. Ne6+ Rxe6 26. Rxd8+
Nxd8 27. Qc5+ Re7 28. Qf5+ Kg8 29. Qc8 Re8 30. f4 a6 31. f5 h6 32. Kf2 Kh7 33.
Kg3 Re3+ 34. Kf4 Re8 35. Qd7 Rf8 36. h4 Kg8 37. Qd5+ Kh8 38. g5 Nc6 39. Qb3
Rxf5+ 40. Kg4 Rb5 41. Qc3 Ne5+ 42. Kh5 hxg5 43. hxg5 Nf7 44. Kg6 Ne5+ 45. Kh5
Nf7 46. Kg6 Ne5+ 47. Kh5 1/2-1/2

[Event "XXIV Weekend B"]
[Site "Ceriano Laghetto"]
[Date "2015.03.06"]
[Round "1"]
[White "Colombo, Luca"]
[Black "Squillante, Michele"]
[WhiteElo "1837"]
[BlackElo "1710"]
[Result "1-0"]
[PlyCount "73"]
[EventDate "2015.03.06"]

1. e4 c6 2. d4 d5 3. exd5 cxd5 4. Bd3 Nc6 5. c3 Nf6 6. Bf4 e6 7. Nd2 Bd6 8.
Bxd6 Qxd6 9. Ngf3 e5 10. dxe5 Nxe5 11. Bb5+ Bd7 12. Bxd7+ Nfxd7 13. O-O O-O 14.
Nd4 Nf6 15. Qb3 Rfe8 16. Rae1 Qd7 17. Qc2 Nc4 18. N4f3 Rxe1 19. Rxe1 Re8 20.
Rxe8+ Qxe8 21. Nf1 Qe4 22. Qc1 Ne5 23. Nxe5 Qxe5 24. Ne3 b5 25. Qf1 a6 26. Nc2
Qd6 27. Qd3 Ng4 28. g3 Ne5 29. Qe2 Kf8 30. Qh5 h6 31. Qf5 g6 32. Qc8+ Kg7 33.
Nd4 Qf6 34. f4 Nc4 35. b3 Ne3 36. Qe8 Nd1 37. Qe1 1-0

[Event "XXIV Weekend B"]
[Site "Ceriano Laghetto"]
[Date "2015.03.06"]
[Round "1"]
[White "Galli, Agostino"]
[Black "Carbone, Lorenzo"]
[WhiteElo "1747"]
[BlackElo "1605"]
[Result "1/2-1/2"]
[PlyCount "57"]
[EventDate "2015.03.06"]

1. d4 d5 2. c4 e6 3. Nf3 Nf6 4. Nc3 Be7 5. g3 b6 6. Bg2 Bb7 7. O-O O-O 8. b3
Nbd7 9. Bb2 c5 10. cxd5 exd5 11. Rc1 Rc8 12. Re1 c4 13. e3 a6 14. Nd2 b5 15.
bxc4 bxc4 16. a3 Bc6 17. e4 dxe4 18. Nxc4 Rb8 19. d5 Bb5 20. Nxb5 axb5 21. Ne5
Nxe5 22. Bxe5 Bxa3 23. Bxf6 Qxf6 24. Rc6 Qe7 25. Bxe4 Qb4 26. d6 Rfd8 27. d7
Rxd7 28. Qb1 Qxb1 29. Rxb1 1/2-1/2

[Event "XXIV Weekend B"]
[Site "Ceriano Laghetto"]
[Date "2015.03.06"]
[Round "1"]
[White "Monticelli, Francesco"]
[Black "Tahiraj, Almir"]
[WhiteElo "1733"]
[BlackElo "1846"]
[Result "0-1"]
[PlyCount "118"]
[EventDate "2015.03.06"]

1. e4 d5 2. exd5 Qxd5 3. Nc3 Qa5 4. d3 Nf6 5. Bd2 Bf5 6. Nf3 e6 7. Be2 c6 8.
O-O Qc7 9. Nd4 Bg6 10. h3 Nbd7 11. Re1 Bc5 12. Nb3 Bd6 13. a4 O-O 14. Bf3 Rfd8
15. Ne4 Be5 16. Nc3 Bf4 17. Bxf4 Qxf4 18. Qe2 Bf5 19. Qe3 Qb4 20. a5 Nd5 21.
Bxd5 cxd5 22. Ra4 Qd6 23. Rh4 a6 24. Nd4 Bg6 25. Nf3 Rac8 26. Qd4 Qc7 27. Qa4
Qd6 28. Qd4 Rc5 29. Qb4 Qc7 30. Ra1 e5 31. Qb3 d4 32. Nd5 Qd6 33. Nb6 Rb5 34.
Qa2 Nxb6 35. axb6 Qxb6 36. Rb1 Rc8 37. Ne1 Ra5 38. Qb3 Qxb3 39. cxb3 Rb5 40.
Nf3 f6 41. Ne1 Rxb3 42. f4 Bxd3 43. Nxd3 Rxd3 44. fxe5 fxe5 45. Re4 Rc5 46.
Rbe1 Rd2 47. b4 Rd5 48. Rxe5 Rxe5 49. Rxe5 Rb2 50. Rd5 Rxb4 51. Kf2 b6 52. Ke1
a5 53. Kd2 h6 54. Kc2 b5 55. Kd3 a4 56. Rxd4 Rxd4+ 57. Kxd4 b4 58. Kc4 b3 59.
Kc3 Kf7 0-1